Normal view
MARC view
- Chaudhry, K.K.
Entry Personal Name
001 - CONTROL NUMBER
- control field: 3172
003 - CONTROL NUMBER IDENTIFIER
- control field: OSt
005 - DATE AND TIME OF LATEST TRANSACTION
- control field: 20180629104028.0
008 - FIXED-LENGTH DATA ELEMENTS
- fixed length control field: 180629|| aca||aabn | a|a d
040 ## - CATALOGING SOURCE
- Original cataloging agency: OSt
- Transcribing agency: OSt
100 ## - HEADING--PERSONAL NAME
- Personal name: Chaudhry, K.K.
670 ## - SOURCE DATA FOUND
- Source citation: Work cat.: (OSt): Nakra , B.C . 3171, Instrumentation measurement and analysis / , 2017.
